000 00295nam a2200097Ia 4500
008 241105s9999 xx 000 0 und d
041 _aeng
100 _aRasane Madhura.
_9183774
245 _aFactors Affecting The Microclimate In The City Core Area Of Pune.
260 _bBNCA M Arch EA, Pune
_c2019
999 _c361789
_d361789